000 00734nam a2200229Ia 4500
003 GCL
008 140319s9999 xx 000 0 ara d
040 _aGCL /
_cGCL
082 0 4 _a515.2
_bص ت
100 1 _aصبرى رويف العانى
245 1 0 _aالتحليل الرياضى للادارة والاقتصاد /
_cصبرى رويف العانى
700 1 _aسليم حسن الكيتى
260 _a[S.N] :
_bوزارة التعليم العالى والبحث العلمى ،
_c1982
300 _a201 ص
490 _a
650 0 4 _aالتحليل الرياضى
650 0 4 _aالجبر
650 0 4 _aالرياضيات
650 0 4 _aالتحليل العددى
650 0 4 _aالحساب
942 _2ddc
_cBK
999 _c58936
_d58936